000
00299nam a2200121Ia 4500
008
190802s9999 xx 000 0 und d
020
_a
978-81-315-0279-2
100
_a
Mankiw
245
0
_a
Principles of MicroEconomics
260
_a
India
_b
Cengage Learning
_c
2006
300
_a
531:p
942
_c
BK
999
_c
2070
_d
2070